00430nam a2200181Ia 4500003000400000005001700004008004100021040000700062041000800069082001900077100001200096245002900108250000600137260003400143365001200177650004400189650001500233OSt20230619145425.0210423s1684 xx 000 0 und d cAL aeng a155 223bDASD aDAS (G) aDevelopmental psychology a7 bOxford University Pressc1684 b75cINR aDifferential & Developmental Psychology aPsychology